Fe-Ren-Sơ Ra-Co-Si và cuộc đấu tranh cho nền độc lập Hung-G -Ri (1703 - 1711) /
Đã lưu trong:
| 主要作者: | |
|---|---|
| 格式: | Bài viết |
| 語言: | Vietnamese |
| 主題: | |
| 標簽: |
添加標簽
沒有標簽, 成為第一個標記此記錄!
|
| Thư viện lưu trữ: | Thư viện Trường Đại học Đà Lạt |
|---|
| LEADER | 00680nam a2200253 4500 | ||
|---|---|---|---|
| 001 | DLU090075224 | ||
| 005 | ##20090610 | ||
| 040 | # | # | |a DLU |b vie |
| 041 | # | # | |a vie |
| 044 | # | # | |a vn |
| 100 | # | # | |a Văn Tạo. |
| 245 | # | # | |a Fe-Ren-Sơ Ra-Co-Si và cuộc đấu tranh cho nền độc lập Hung-G -Ri (1703 - 1711) / |c Văn Tạo. |
| 653 | # | # | |a Đấu tranh |
| 653 | # | # | |a Độc lập dân tộc |
| 653 | # | # | |a Hungari |
| 773 | # | # | |t Tạp chí nghiên cứu lịch sử |g Số 6, 1976, tr. 59-63 |
| 994 | # | # | |a DLU |
| 900 | # | # | |a True |
| 911 | # | # | |a Nguyễn Thị Linh Chi |
| 925 | # | # | |a G |
| 926 | # | # | |a A |
| 927 | # | # | |a BB |
| 980 | # | # | |a Thư viện Trường Đại học Đà Lạt |